000 01247nam a2200301 4500
001 0000021623
003 CO-CtgCURN
005 20250429224755.0
007 ta
008 160627e201400 000 0 eng d
040 _aCO-CtgCURN
_bspa
_ccoctgcurn
082 0 _a428.24
_bS678
245 0 0 _aSocial and human sciences.
260 _a[s.l] :
_b[s.n],
_c[2014?]
300 _a41 p.
336 _2rdacontent
337 _2rdamedia
_asin mediacion
_bn
338 _2rdacarrier
_avolumen
_bnc
490 1 _aEnglish program
500 _aTitulo tomado de la caratula.
505 8 _aWhat is law? -- Who is a lawyer? -- Types of law -- Capital punishment -- Social work -- Child, family, and school social worker -- Social worker profile -- Pros and cons of child behavior -- Respite care -- Raising adopted children -- Tiffanys child abuse and domestic violence story -- The role of women in our society has changed -- Intrafamily violence
546 _aTexto en ingles.
650 1 4 _aIngles
_vEnseƱanza superior
_xEstudiantes extranjeros.
908 _a160627
942 _cBK
_h428.24
_iS678
_2ddc
999 _c43269
_d43269